All Incorporated Municipalities of Clinton County, New York - Statistics

General Stats
  • This quiz has been taken 4 times
  • The average score is 14 of 18
Answer Stats
Answer % Correct
Dannemora
100%
Dannemora
100%
Peru
100%
Plattsburgh
100%
Plattsburgh
100%
Altona
75%
Au Sable
75%
Champlain
75%
Champlain
75%
Chazy
75%
Clinton
75%
Ellenburg
75%
Mooers
75%
Schuyler Falls
75%
Beekmantown
50%
Black Brook
50%
Rouses Point
50%
Saranac
50%
No matching quizzes found
Score Distribution
Percent of People with Each Score
Percentile by Number Answered
Your Score History
You have not taken this quiz